| 000 | 00558nam a22002297a 4500 | ||
|---|---|---|---|
| 003 | OSt | ||
| 005 | 20210420063411.0 | ||
| 008 | 201127s2011 ||||| |||| 00| 0 eng d | ||
| 020 | _a9781456417062 | ||
| 020 | _a1456417061 | ||
| 040 |
_aeng _beng _cDLC |
||
| 041 | _aeng | ||
| 080 |
_a61 _bW-39 |
||
| 100 |
_9382 _aWeed,L.Lawrence |
||
| 245 | _aMedicine in Denial | ||
| 260 |
_aLexington _bCreatespace _c2011 |
||
| 300 |
_a267 p. _bill. |
||
| 650 | 0 |
_969 _aMedicine |
|
| 653 | _aმედიცინა | ||
| 700 |
_9406 _aWeed, Lincoln |
||
| 942 |
_2udc _cBK |
||
| 999 |
_c482 _d482 |
||